| 000 | 00795nam a2200241 i 4500 | ||
|---|---|---|---|
| 003 | DO-SdBNP | ||
| 005 | 20250806085035.0 | ||
| 007 | ta | ||
| 008 | 230426b1995 dr ||||| |||| 00| 0 spa d | ||
| 040 |
_aDO-SdBNP _bspa _cBNPHU _erda |
||
| 041 | _asp | ||
| 082 |
_aRD863.3 _bG182e _222 |
||
| 100 | 1 | 0 |
_aGalván, Manuel de J., _q(Manuel de Jesús) _d1834-1910 _eautor _4aut. _928507 |
| 245 | 1 | 0 |
_aEnriquillo / _cManuel de Jesús Galván ; Ilustración, Román Inocencio Castillo |
| 264 | 1 |
_aSanto Domingo : _bSusaeta Ediciones Dominicanas, _c1995. |
|
| 300 |
_a132 paginas : _bilustraciones ; _c22 cm |
||
| 336 |
_atexto _btxt _2rdacontent |
||
| 337 |
_asin mediación _bn _2rdamedia |
||
| 338 |
_avolumen _bnc _2rdacarrier |
||
| 590 | _aInventariado, 2023 / DG | ||
| 910 | _aDG | ||
| 942 |
_2ddc _cLBS1 |
||
| 999 |
_c53391 _d53391 |
||